000 00776nam a22002297a 4500
999 _c6468
_d6468
003 AR-CdUCM
008 190315b ||||| |||| 00| 0 spa d
020 _a1-59970-016-6
040 _aMUNICIPALIDAD PROVINCIAL DEL CUSCO
_cBIBLIOTECA MUNICIPAL DEL CUSCO
041 _heng
082 _a080 /
_bH85
100 _aHubbard, Ronal L.
_918228
245 _aEl camino a la felicidad /
260 _aCalifornia :
_bBridge publications,
_c2007.
300 _a248 paginas ;
_bIlustraciones,
_c24.5 cm.
505 _aCuida de ti mismo -- Se moderado -- No seas promiscuo -- Ama y ayuda a los niƱos -- Honra y ayuda tus padres ...
650 _aComportamiento
_918319
650 _aConfianza
_918325
650 _aVoluntad personal
_918326
942 _2ddc
_cLIBROS
945 _aacv